000 01203nam a22001937a 4500
999 _c61963
_d61963
003 Ge_BSU
005 20240620163656.0
008 240617s1979 ge ||||| |||| 00| 0 geo d
041 _ageo
080 _a611(038) ს-16
245 _aსაერთაშორისო ანატომიური ნომენკლატურა. ლათინურ-რუსულ-ქართული /
_cშემდგ.: ზაქ. მ. და ნ. მაისურაძეები ; ტერმინოლოგია მომზადებულია დ.ა. ჟდანოვის რედაქტორობით ; რედ. ს. ყაუხჩიშვილი.
264 _aთბ. :
_bგანათლება,
_c1979.
300 _a180 გვ. ;
_b22 სმ.
653 _aსაერთაშორისო ანატომიური ნომენკლატურა
700 _aმაისურაძე, მ.
_eშემდგენელი
_921041
700 _aმაისურაძე, ნ.
_eშემდგენელი
_91973
700 _aჟდანოვი, დ.ა.
_eრედაქტორი
_922449
942 _2udc
_cᲬᲘᲒᲜᲘ